| 000 | 01027nam a2200349 a 4500 | ||
|---|---|---|---|
| 001 | 26048 | ||
| 003 | CO-ViMGA | ||
| 005 | 20230915232144.0 | ||
| 006 | a5165066 | ||
| 008 | 141112s2004 ck r 000 u spa d | ||
| 015 | _aMON1211 | ||
| 017 | _aM 42281 - 2011 Oficina Depósito Legal Madrid | ||
| 020 | _a9788473568067 | ||
| 035 | _a(OCoLC)795919394 | ||
| 040 |
_aCO-ViMGA _bspa _cCO-ViMGA |
||
| 080 | _a17 | ||
| 082 | 0 | 4 | _a172.1 C17e |
| 100 | 1 |
_aCasares Ripol, Javier _96747 |
|
| 245 | 1 | 0 |
_aÉtica, economía y política / _cJavier Casares Ripol |
| 250 | _a1¬ ed. | ||
| 260 |
_aPozuelo de Alarcón, _cMadrid ESIC Editorial 2011 |
||
| 300 | _a167 p. 24 cm | ||
| 336 | _aTexto (visual) isbdcontent | ||
| 337 | _asin mediación isbdmedia | ||
| 490 | _aLibros profesionales de empresa | ||
| 504 | _aIncluye referencias bibliográficas | ||
| 650 | 1 | 4 |
_aEconomía - aspectos morales _940657 |
| 650 | 1 | 4 | _aética |
| 926 | _aBNALCALA SG_PETANTI 12/880678 FONDO_MODE 1 | ||
| 942 |
_2ddc _cBK |
||
| 956 | _a2 | ||
| 999 |
_c33276 _d33276 |
||